00590ntaaa2200169 45000030003000000050017000030080021000200400037000410820018000781000062000962450074001582500010002322600061002423000016003035000059003196500042003780120251027202401.00714s1973 ag 01  aAR-BaBNbspacAR-BaBNeaacrdRIC a282.0638 Ig4e aIglesia Católica Conferencia Episcopal Latinoamericana  aLa evangelización en el presente y en el futuro de América Latina a1 ed. aBuenos Aires : bConferencia Episcopal Argentina, c1979 a375 (383) p aIII Conferencia General del Episcopado Latinoamericano aConferencia Episcopal Latinoamericana